| 000 | 00351nam a2200109Ia 4500 | ||
|---|---|---|---|
| 008 | 200302s9999 xx 000 0 und d | ||
| 100 | _aR. Kiran Kumar & Others | ||
| 245 | _aPerspectives on Early Modernist Constructs in Architecture an Enquiry Through Concepts of Order | ||
| 260 | _bCept University Press Ahmedabad | ||
| 260 | _c2012 | ||
| 300 | _a218 P., | ||
| 999 |
_c3190 _d3190 |
||